00767nac a22002057a 4500001001000000003000900010005001700019008003400036040005400070072001300124110008900137245007000226260003500296300001000331490013500341650002400476650001900500650003200519650001000551BR9601678BR-BrBNA20240105121717.0230509b bl.|||m| |||| 00| 0 por d aBR-BrBNAbporcBiblioteca Nacional de Agricultura aE14; C201 aEmpresa de Assistencia Tecnica e Extensao Rural do Estado de Goias, Goiania (Brasil)1 aPROATER - 1989 - Programa de Assistencia Tecnica e Extensao Rural3 aGoiania, GO (Brasil): c1988.  a39 p. aPrograma de Assistencia Tecnica e Extensao Rural - Empresa de Assistencia Tecnica e Extensao Rural do Estado de Goias (Brazil)vx aAssistencia Tecnica aExtensao Rural aPrograma de Desenvolvimento aGoias